00677nam a2200169 a 450000100100000000500170001000800410002704000250006808200150009310000360010824500810014426000580022530000200028304900090030395201780031299900170049000003098220200930062629.0110608s1922 dr 000 | spa d aDO-SdBNPbspacBNPHU axxxbR488r1 aRicart y Olives, Alfredo95749910aRefutaciones al informe del Lic. Fco. J. Peynado /cAlfredo Ricart y Olives. aSanto Domingo :bTipografía Listín Diario,c1922. a45 p. ;c22 cm. aBNPD 001050718RVaPDbPDcCTd2011-06-08iLF1l0oxxx R488rp30982-10r2020-06-25w2020-06-25y1zPerteneció a la biblioteca personal de Germán Emilio Ornes.ZNo se presta c30474d30474